四国八十八箇所霊場 - Statistics

General Stats
  • This quiz has been taken 19 times
  • The average score is 37 of 88
Answer Stats
Hint Answer % Correct
第1番 竺和山 霊山寺
86%
第12番 摩盧山 焼山寺
71%
第88番 医王山 大窪寺
71%
第11番 金剛山 藤井寺
64%
第23番 医王山 薬王寺
64%
第86番 補陀洛 志度寺
64%
第3番 亀光山 金泉寺
57%
第6番 温泉山 安楽寺
57%
第15番 薬王山 国分寺
57%
第16番 光耀山 観音寺
57%
第24番 室戸山 最御崎寺
57%
第29番 摩尼山 国分寺
57%
第59番 金光山 国分寺
57%
第66番 巨鼇山 雲辺寺
57%
第69番 七宝山 観音寺
57%
第4番 黒巖山 大日寺
50%
第5番 無尽山 地蔵寺
50%
第7番 光明山 十楽寺
50%
第9番 正覚山 法輪寺
50%
第10番 得度山 切幡寺
50%
第13番 大栗山 大日寺
50%
第17番 瑠璃山 井戸寺
50%
第28番 法界山 大日寺
50%
第34番 本尾山 種間寺
50%
第40番 平城山 観自在寺
50%
第45番 海岸山 岩屋寺
50%
第51番 熊野山 石手寺
50%
第60番 石鈇山 横峰寺
50%
第73番 我拝師山 出釈迦寺
50%
第75番 五岳山 善通寺
50%
第79番 金華山 天皇寺
50%
第87番 補陀洛 長尾寺
50%
第2番 日照山 極楽寺
43%
第8番 普明山 熊谷寺
43%
第20番 霊鷲山 鶴林寺
43%
第33番 高福山 雪蹊寺
43%
第35番 醫王山 清瀧寺
43%
第37番 藤井山 岩本寺
43%
第49番 西林山 浄土寺
43%
第55番 別宮山 南光坊
43%
第61番 栴檀山 香園寺
43%
第63番 密教山 吉祥寺
43%
第65番 由霊山 三角寺
43%
第70番 七宝山 本山寺
43%
第83番 神毫山 一宮寺
43%
第84番 南面山 屋島寺
43%
第85番 五剣山 八栗寺
43%
第14番 盛寿山 常楽寺
36%
第18番 母養山 恩山寺
36%
第21番 舎心山 太龍寺
36%
第22番 白水山 平等寺
36%
第27番 竹林山 神峯寺
36%
第31番 五台山 竹林寺
36%
第32番 八葉山 禅師峰寺
36%
第38番 蹉跎山 金剛福寺
36%
第43番 源光山 明石寺
36%
第46番 医王山 浄瑠璃寺
36%
第47番 熊野山 八坂寺
36%
第50番 東山 繁多寺
36%
第54番 近見山 延命寺
36%
第62番 天養山 宝寿寺
36%
第64番 石鈇山 前神寺
36%
第71番 剣五山 弥谷寺
36%
第76番 鶏足山 金倉寺
36%
第77番 桑多山 道隆寺
36%
第82番 青峰山 根香寺
36%
第19番 橋池山 立江寺
29%
第25番 宝珠山 津照寺
29%
第26番 龍頭山 金剛頂寺
29%
第30番 百々山 善楽寺
29%
第36番 独鈷山 青龍寺
29%
第39番 赤亀山 延光寺
29%
第41番 稲荷山 龍光寺
29%
第42番 一か山 佛木寺
29%
第48番 清滝山 西林寺
29%
第52番 瀧雲山 太山寺
29%
第53番 須賀山 圓明寺
29%
第56番 金輪山 泰山寺
29%
第67番 小松尾山 大興寺
29%
第68番 七宝山 神恵院
29%
第72番 我拝師山 曼荼羅寺
29%
第74番 医王山 甲山寺
29%
第78番 仏光山 郷照寺
29%
第80番 白牛山 國分寺
29%
第58番 作礼山 仙遊寺
21%
第81番 綾松山 白峯寺
21%
第44番 菅生山 大寶寺
14%
第57番 府頭山 栄福寺
14%
No matching quizzes found
Score Distribution
Percent of People with Each Score
Percentile by Number Answered
Your Score History
You have not taken this quiz